Ciberexplotación sexual infantil. El uso de la inteligencia artificial para la creación de material de abuso sexual infantil : (Registro nro. 5275)
[ vista simple ]
| 000 -LEADER | |
|---|---|
| fixed length control field | 01621nab a22003017a 4500 |
| 003 - CONTROL NUMBER IDENTIFIER | |
| control field | OSt |
| 005 - DATE AND TIME OF LATEST TRANSACTION | |
| control field | 20250211134112.0 |
| 008 - FIXED-LENGTH DATA ELEMENTS--GENERAL INFORMATION | |
| fixed length control field | 190429b xxu||||| |||| 00| 0 spa d |
| 040 ## - CATALOGING SOURCE | |
| Transcribing agency | PJ |
| 100 ## - MAIN ENTRY--PERSONAL NAME | |
| Personal name | Moyano, Lucas |
| 9 (RLIN) | 6330 |
| 245 10 - TITLE STATEMENT | |
| Title | Ciberexplotación sexual infantil. El uso de la inteligencia artificial para la creación de material de abuso sexual infantil : |
| Remainder of title | análisis jurídico. Problemática actual. Propuestas de reforma en el derecho argentino / |
| Statement of responsibility, etc | Lucas Moyano, María José Motta. |
| 260 ## - PUBLICATION, DISTRIBUTION, ETC. (IMPRINT) | |
| Date of publication, distribution, etc | Ciudad Autónoma de Buenos Aires : |
| Place of publication, distribution, etc | Thomson Reuters La Ley, |
| Name of publisher, distributor, etc | 2025. |
| 300 ## - PHYSICAL DESCRIPTION | |
| Extent | p. 141-169 |
| 500 ## - GENERAL NOTE | |
| General note | Cita: AR/DOC/72/2025. |
| 505 ## - FORMATTED CONTENTS NOTE | |
| Formatted contents note | Sumario: I. Introducción.— II. Como amplifica la IA la problemática.— III. ¿Cómo encaja el material generado por IA en el marco legal actual?— IV. La responsabilidad penal y civil derivada del uso de IA en la creación de material abusivo.— V. Reflexiones finales.— VI. Bibliografía.<br/><br/> |
| 505 ## - FORMATTED CONTENTS NOTE | |
| Title | Si te interesa el texto completo, solicitalo a koha@justierradelfuego.gov.ar |
| 650 #0 - SUBJECT ADDED ENTRY--TOPICAL TERM | |
| 9 (RLIN) | 343 |
| Topical term or geographic name as entry element | DERECHO PENAL |
| 650 #0 - SUBJECT ADDED ENTRY--TOPICAL TERM | |
| 9 (RLIN) | 2903 |
| Topical term or geographic name as entry element | ABUSO SEXUAL |
| 650 #0 - SUBJECT ADDED ENTRY--TOPICAL TERM | |
| 9 (RLIN) | 2902 |
| Topical term or geographic name as entry element | DELITOS CONTRA LA INTEGRIDAD SEXUAL |
| 650 #0 - SUBJECT ADDED ENTRY--TOPICAL TERM | |
| 9 (RLIN) | 5817 |
| Topical term or geographic name as entry element | INTELIGENCIA ARTIFICIAL |
| 650 #0 - SUBJECT ADDED ENTRY--TOPICAL TERM | |
| 9 (RLIN) | 1467 |
| Topical term or geographic name as entry element | RESPONSABILIDAD CIVIL |
| 650 #0 - SUBJECT ADDED ENTRY--TOPICAL TERM | |
| 9 (RLIN) | 1468 |
| Topical term or geographic name as entry element | RESPONSABILIDAD PENAL |
| 650 #0 - SUBJECT ADDED ENTRY--TOPICAL TERM | |
| 9 (RLIN) | 3047 |
| Topical term or geographic name as entry element | VÍCTIMA DEL DELITO |
| 650 #0 - SUBJECT ADDED ENTRY--TOPICAL TERM | |
| 9 (RLIN) | 1056 |
| Topical term or geographic name as entry element | MENORES |
| 700 ## - ADDED ENTRY--PERSONAL NAME | |
| 9 (RLIN) | 6331 |
| Personal name | Motta, María José |
| Función | coautor |
| 773 0# - HOST ITEM ENTRY | |
| Host Biblionumber | 2658 |
| Host Itemnumber | 3164 |
| Title | Revista de derecho penal y criminología. Nº 1 - Febrero 2025 |
| Place, publisher, and date of publication | Ciudad Autónoma de Buenos Aires : Thomson Reuters La Ley, 2017- |
| International Standard Serial Number | 00347914 |
| 942 ## - ADDED ENTRY ELEMENTS (KOHA) | |
| Source of classification or shelving scheme | |
| Koha item type | Analítica Artículo de Revista |
No hay ítems disponibles.
